000 01145nam0a22002411 4500
001 rc\4699755
005 20250611140327.0
035 _a(NLR Aleph) 008218765
090 _a8142827
_c8142827
100 _a20130416d1961 |||y0rusy50 ca
101 0 _arus
102 _aRU
105 _aa z |||||
200 1 _aМатериалы семинара
_fМоск. гор. отд-ние о-ва по распространению полит. и науч. знаний РСФСР. Моск. дом науч.-техн. пропаганды им. Ф.Э. Дзержинского
210 _aМосква
_cБ. и.
_d1961
215 _a97 с., 1 л. табл.
_d18
225 1 _aПрименение новых синтетических материалов в обувной и кожевенной промышленности
710 1 2 _a"Применение новых синтетических материалов в обувной и кожевенной промышленности", семинар (1961; Москва)
801 0 _aRU
_bNLR
_gpsbo
801 1 _aRU
_bELAR
_2rusmarc
852 _aNLR
_j61-4/4182
942 _cBOOK
980 _aNB